[Event "2016 South Wales International"]
[Site "Cardiff"]
[Date "2016.07.12"]
[Round "9"]
[Board "1"]
[White "Gretarsson, Hjorvar Steinn"]
[Black "Wells, Peter K"]
[Result "1/2-1/2"]
[WhiteElo "2550"]
[BlackElo "2419"]
[PlyCount "0"]
[EventDate "2016.07.07"]
[EventRounds "10"]
[EventCountry "WLS"]

1. d4 {[%clk 1:30:57]} Nf6 {[%clk 1:25:18]} 2. c4 {[%clk 1:31:16]} e6
{[%clk 1:25:44]} 3. Nc3 {[%clk 1:31:31]} Bb4 {[%clk 1:26:08]} 4. Qc2
{[%clk 1:31:53]} O-O {[%clk 1:21:23]} 5. Nf3 {[%clk 1:31:57]} c5 {[%clk 1:17:57]}
6. dxc5 {[%clk 1:32:09]} Na6 {[%clk 1:17:43]} 7. g3 {[%clk 1:32:20]} Nxc5
{[%clk 1:17:53]} 8. Bg2 {[%clk 1:32:40]} Nce4 {[%clk 1:11:35]} 9. O-O
{[%clk 1:32:58]} Bxc3 {[%clk 1:11:52]} 10. bxc3 {[%clk 1:33:19]} d5
{[%clk 1:12:18]} 11. cxd5 {[%clk 1:23:19]} exd5 {[%clk 1:12:05]} 12. c4
{[%clk 1:23:21]} Bf5 {[%clk 0:58:24]} 13. Nh4 {[%clk 1:22:15]} Be6
{[%clk 0:57:38]} 14. cxd5 {[%clk 1:21:19]} Qxd5 {[%clk 0:56:07]} 15. Bb2
{[%clk 1:18:26]} Rfc8 {[%clk 0:42:24]} 16. Qb1 {[%clk 1:18:28]} Rc4
{[%clk 0:24:58]} 17. e3 {[%clk 0:56:16]} Rb4 {[%clk 0:19:12]} 18. a3
{[%clk 0:52:12]} Rb3 {[%clk 0:17:13]} 19. Rd1 {[%clk 0:40:20]} Qb5
{[%clk 0:14:24]} 20. Bxe4 {[%clk 0:40:20]} Rxb2 {[%clk 0:14:24]} 21. Qd3
{[%clk 0:40:30]} Qxd3 {[%clk 0:07:03]} 22. Bxd3 {[%clk 0:40:24]} Ng4
{[%clk 0:07:29]} 23. Rf1 {[%clk 0:31:07]} Rd8 {[%clk 0:07:16]} 24. Rad1
{[%clk 0:31:20]} Kf8 {[%clk 0:06:47]} 25. Nf3 {[%clk 0:30:52]} Bb3
{[%clk 0:01:51]} 1/2-1/2

[Event "2016 South Wales International"]
[Site "Cardiff"]
[Date "2016.07.12"]
[Round "9"]
[Board "2"]
[White "Marusenko, Petr"]
[Black "Petrov, Marian"]
[Result "0-1"]
[WhiteElo "2226"]
[BlackElo "2461"]
[PlyCount "0"]
[EventDate "2016.07.07"]
[EventRounds "10"]
[EventCountry "WLS"]

1. d4 {[%clk 1:30:16]} g6 {[%clk 1:30:26]} 2. e4 {[%clk 1:30:42]} Bg7
{[%clk 1:30:46]} 3. Nc3 {[%clk 1:31:06]} d6 {[%clk 1:30:47]} 4. Nf3
{[%clk 1:31:31]} Nf6 {[%clk 1:30:10]} 5. Be2 {[%clk 1:31:53]} O-O
{[%clk 1:30:33]} 6. O-O {[%clk 1:32:17]} c6 {[%clk 1:26:58]} 7. a4
{[%clk 1:32:20]} Nbd7 {[%clk 1:25:52]} 8. h3 {[%clk 1:32:26]} e5 {[%clk 1:23:42]}
9. dxe5 {[%clk 1:32:35]} dxe5 {[%clk 1:24:06]} 10. b3 {[%clk 1:32:36]} Re8
{[%clk 1:14:27]} 11. Nd2 {[%clk 1:26:51]} Nc5 {[%clk 1:12:12]} 12. Ba3
{[%clk 1:26:58]} Bh6 {[%clk 1:00:51]} 13. Nc4 {[%clk 0:47:38]} Qxd1
{[%clk 0:45:00]} 14. Raxd1 {[%clk 0:47:36]} Ncxe4 {[%clk 0:45:18]} 15. Nb1
{[%clk 0:39:46]} Be6 {[%clk 0:29:50]} 16. Rfe1 {[%clk 0:39:34]} Bxc4
{[%clk 0:24:18]} 17. Bxc4 {[%clk 0:39:47]} Bf8 {[%clk 0:24:29]} 18. Bb2
{[%clk 0:34:26]} Bc5 {[%clk 0:23:45]} 19. Re2 {[%clk 0:34:49]} Rad8
{[%clk 0:18:06]} 20. Rd3 {[%clk 0:22:56]} Bd4 {[%clk 0:16:37]} 21. c3
{[%clk 0:12:35]} Bb6 {[%clk 0:17:00]} 22. b4 {[%clk 0:13:00]} Nxf2
{[%clk 0:11:41]} 23. Rxf2 {[%clk 0:13:21]} Ne4 {[%clk 0:11:45]} 0-1

[Event "2016 South Wales International"]
[Site "Cardiff"]
[Date "2016.07.12"]
[Round "9"]
[Board "3"]
[White "Martin, Lewis"]
[Black "Chatalbashev, Boris"]
[Result "0-1"]
[WhiteElo "2053"]
[BlackElo "2545"]
[PlyCount "0"]
[EventDate "2016.07.07"]
[EventRounds "10"]
[EventCountry "WLS"]

1. d4 {[%clk 1:30:57]} Nf6 {[%clk 1:29:42]} 2. c4 {[%clk 1:31:22]} e6
{[%clk 1:30:08]} 3. Nf3 {[%clk 1:31:32]} c5 {[%clk 1:30:33]} 4. d5
{[%clk 1:31:59]} b5 {[%clk 1:30:59]} 5. Bg5 {[%clk 1:23:17]} b4 {[%clk 1:30:57]}
6. Nbd2 {[%clk 1:17:15]} Be7 {[%clk 1:28:32]} 7. e4 {[%clk 1:16:29]} Nxd5
{[%clk 1:22:12]} 8. cxd5 {[%clk 1:11:27]} Bxg5 {[%clk 1:22:23]} 9. Nc4
{[%clk 1:09:58]} O-O {[%clk 1:22:27]} 10. Bd3 {[%clk 1:09:09]} exd5
{[%clk 1:19:38]} 11. exd5 {[%clk 1:09:35]} Bf6 {[%clk 1:09:58]} 12. Qc2
{[%clk 1:03:51]} g6 {[%clk 1:03:48]} 13. h4 {[%clk 1:00:34]} Ba6 {[%clk 0:55:20]}
14. O-O-O {[%clk 0:58:28]} Bxc4 {[%clk 0:55:43]} 15. Qxc4 {[%clk 0:58:46]} Bg7
{[%clk 0:50:10]} 16. h5 {[%clk 0:52:34]} Qf6 {[%clk 0:50:15]} 17. Qc2
{[%clk 0:51:19]} Na6 {[%clk 0:40:27]} 18. hxg6 {[%clk 0:50:59]} hxg6
{[%clk 0:40:53]} 19. b3 {[%clk 0:40:11]} Nc7 {[%clk 0:40:40]} 20. Be4
{[%clk 0:38:06]} Nb5 {[%clk 0:40:41]} 21. g4 {[%clk 0:24:46]} Na3
{[%clk 0:40:09]} 22. Qe2 {[%clk 0:24:53]} Qa1+ {[%clk 0:40:17]} 23. Kd2
{[%clk 0:25:20]} Qc3# 0-1

[Event "2016 South Wales International"]
[Site "Cardiff"]
[Date "2016.07.12"]
[Round "9"]
[Board "4"]
[White "L'ami, Alina"]
[Black "Arkell, Keith C"]
[Result "0-1"]
[WhiteElo "2339"]
[BlackElo "2455"]
[PlyCount "0"]
[EventDate "2016.07.07"]
[EventRounds "10"]
[EventCountry "WLS"]

1. d4 {[%clk 1:30:55]} e6 {[%clk 1:30:47]} 2. c4 {[%clk 1:31:20]} Bb4+
{[%clk 1:31:12]} 3. Bd2 {[%clk 1:31:37]} a5 {[%clk 1:31:00]} 4. Nc3
{[%clk 1:31:09]} f5 {[%clk 1:31:00]} 5. g4 {[%clk 1:23:40]} Nf6 {[%clk 1:29:18]}
6. gxf5 {[%clk 1:21:09]} exf5 {[%clk 1:29:43]} 7. Nf3 {[%clk 1:11:45]} O-O
{[%clk 1:27:49]} 8. Qc2 {[%clk 1:08:28]} Bxc3 {[%clk 1:26:38]} 9. Bxc3
{[%clk 1:08:45]} Ne4 {[%clk 1:27:04]} 10. d5 {[%clk 1:01:34]} Nxc3
{[%clk 1:25:40]} 11. Qxc3 {[%clk 1:01:52]} Qf6 {[%clk 1:25:40]} 12. Qxf6
{[%clk 1:00:33]} Rxf6 {[%clk 1:26:06]} 13. Nd4 {[%clk 0:57:55]} Na6
{[%clk 1:25:14]} 14. O-O-O {[%clk 0:52:00]} d6 {[%clk 1:22:55]} 15. Bg2
{[%clk 0:41:47]} Bd7 {[%clk 1:22:52]} 16. Bf3 {[%clk 0:37:28]} Nc5
{[%clk 1:22:51]} 17. Rhg1 {[%clk 0:35:51]} Rh6 {[%clk 1:21:24]} 18. Rg2
{[%clk 0:33:33]} Rh4 {[%clk 1:21:22]} 19. e3 {[%clk 0:32:20]} Re8
{[%clk 1:21:02]} 20. Kd2 {[%clk 0:29:07]} f4 {[%clk 1:20:07]} 21. Rdg1
{[%clk 0:24:42]} g6 {[%clk 1:19:41]} 22. Re1 {[%clk 0:23:42]} fxe3+
{[%clk 1:19:33]} 23. fxe3 {[%clk 0:24:05]} Re5 {[%clk 1:13:14]} 24. b3
{[%clk 0:22:46]} Kg7 {[%clk 1:09:32]} 25. Rf2 {[%clk 0:10:53]} Re7
{[%clk 1:07:52]} 26. Rg2 {[%clk 0:08:32]} Kh6 {[%clk 1:05:10]} 27. Reg1
{[%clk 0:07:58]} Rf7 {[%clk 1:04:06]} 28. Ke2 {[%clk 0:07:24]} Bh3
{[%clk 0:59:38]} 29. Rg3 {[%clk 0:06:40]} Bf5 {[%clk 0:59:34]} 30. R3g2
{[%clk 0:05:18]} Kg7 {[%clk 0:53:18]} 31. Kd2 {[%clk 0:04:37]} Bh3
{[%clk 0:49:00]} 32. Rg3 {[%clk 0:04:52]} Bd7 {[%clk 0:49:24]} 33. R3g2
{[%clk 0:04:56]} Rf6 {[%clk 0:49:34]} 34. Ke2 {[%clk 0:04:28]} h6
{[%clk 0:49:33]} 35. Kd2 {[%clk 0:04:46]} g5 {[%clk 0:49:50]} 36. Ke2
{[%clk 0:04:53]} Rh3 {[%clk 0:45:26]} 37. Rf1 {[%clk 0:03:14]} Bf5
{[%clk 0:45:13]} 38. Kd2 {[%clk 0:02:15]} Be4 {[%clk 0:44:32]} 39. Rgf2
{[%clk 0:01:34]} Bxf3 {[%clk 0:44:49]} 40. Rxf3 {[%clk 0:01:45]} Rxh2+
{[%clk 0:45:00]} 41. Kc3 {[%clk 0:01:27]} Rxf3 {[%clk 0:43:59]} 42. Rxf3
{[%clk 0:01:54]} g4 {[%clk 0:43:59]} 43. Rf4 {[%clk 0:28:18]} h5 {[%clk 1:14:24]}
44. Ne6+ {[%clk 0:27:58]} Kg6 {[%clk 1:14:20]} 45. Rf8 {[%clk 0:20:38]} Re2
{[%clk 1:10:35]} 46. Nxc5 {[%clk 0:17:14]} dxc5 {[%clk 1:10:59]} 47. Kd3
{[%clk 0:17:40]} Re1 {[%clk 0:59:57]} 48. Kd2 {[%clk 0:16:07]} Ra1
{[%clk 1:00:13]} 49. e4 {[%clk 0:15:56]} Kg7 {[%clk 0:56:09]} 50. Rf5
{[%clk 0:12:47]} h4 {[%clk 0:53:46]} 51. e5 {[%clk 0:07:49]} h3 {[%clk 0:54:11]}
52. Rh5 {[%clk 0:07:18]} h2 {[%clk 0:54:25]} 0-1

[Event "2016 South Wales International"]
[Site "Cardiff"]
[Date "2016.07.12"]
[Round "9"]
[Board "5"]
[White "Wallace, Paul"]
[Black "Braun, Walter"]
[Result "0-1"]
[WhiteElo "2243"]
[BlackElo "2207"]
[PlyCount "0"]
[EventDate "2016.07.07"]
[EventRounds "10"]
[EventCountry "WLS"]

1. e4 {[%clk 1:30:57]} c5 {[%clk 1:30:55]} 2. Nc3 {[%clk 1:31:22]} d6
{[%clk 1:30:36]} 3. Nf3 {[%clk 1:31:45]} Nf6 {[%clk 1:30:52]} 4. d4
{[%clk 1:32:06]} cxd4 {[%clk 1:31:16]} 5. Nxd4 {[%clk 1:32:33]} e5
{[%clk 1:31:25]} 6. Nf3 {[%clk 1:29:07]} h6 {[%clk 1:31:48]} 7. Bc4
{[%clk 1:28:31]} Be7 {[%clk 1:32:08]} 8. O-O {[%clk 1:26:49]} O-O
{[%clk 1:32:25]} 9. h3 {[%clk 1:21:27]} Nc6 {[%clk 1:32:48]} 10. a4
{[%clk 1:19:38]} Be6 {[%clk 1:33:03]} 11. Bxe6 {[%clk 1:18:46]} fxe6
{[%clk 1:33:27]} 12. Re1 {[%clk 1:08:39]} Rc8 {[%clk 1:31:08]} 13. Bd2
{[%clk 0:55:17]} Qe8 {[%clk 1:28:39]} 14. a5 {[%clk 0:52:20]} Qf7
{[%clk 1:27:16]} 15. a6 {[%clk 0:51:17]} b6 {[%clk 1:27:40]} 16. Nb5
{[%clk 0:50:30]} Nh5 {[%clk 1:27:00]} 17. Qe2 {[%clk 0:44:59]} d5
{[%clk 1:21:01]} 18. c3 {[%clk 0:39:33]} Nf4 {[%clk 1:11:34]} 19. Bxf4
{[%clk 0:39:56]} Qxf4 {[%clk 1:11:56]} 20. Rad1 {[%clk 0:38:51]} Rcd8
{[%clk 1:02:09]} 21. Rd2 {[%clk 0:16:35]} d4 {[%clk 0:59:47]} 22. Qc4
{[%clk 0:15:05]} dxc3 {[%clk 0:46:01]} 23. Rxd8 {[%clk 0:15:18]} Nxd8
{[%clk 0:46:25]} 24. bxc3 {[%clk 0:13:34]} Bc5 {[%clk 0:41:18]} 25. Nxa7
{[%clk 0:13:15]} Qf7 {[%clk 0:41:40]} 26. Nb5 {[%clk 0:13:10]} Qg6
{[%clk 0:36:42]} 27. Rd1 {[%clk 0:09:05]} Rxf3 {[%clk 0:35:10]} 28. Rxd8+
{[%clk 0:09:29]} Kh7 {[%clk 0:35:37]} 29. Rd2 {[%clk 0:08:21]} Rg3
{[%clk 0:35:54]} 30. a7 {[%clk 0:07:34]} Rxg2+ {[%clk 0:36:16]} 31. Kf1
{[%clk 0:08:01]} Rg1+ {[%clk 0:36:33]} 32. Ke2 {[%clk 0:08:25]} Qh5+
{[%clk 0:35:33]} 33. Kd3 {[%clk 0:08:48]} Rc1 {[%clk 0:30:55]} 34. Qxe6
{[%clk 0:06:20]} Qf3+ {[%clk 0:31:06]} 35. Kc4 {[%clk 0:06:44]} Qxe4+
{[%clk 0:31:32]} 36. Rd4 {[%clk 0:03:11]} Bxd4 {[%clk 0:30:55]} 37. Nxd4
{[%clk 0:03:37]} Qxd4+ {[%clk 0:31:18]} 0-1

[Event "2016 South Wales International"]
[Site "Cardiff"]
[Date "2016.07.12"]
[Round "9"]
[Board "6"]
[White "Nielsen, Lars Aaes"]
[Black "Longson, Sarah N"]
[Result "1/2-1/2"]
[WhiteElo "2234"]
[BlackElo "2117"]
[PlyCount "0"]
[EventDate "2016.07.07"]
[EventRounds "10"]
[EventCountry "WLS"]

1. e4 {[%clk 1:30:56]} e5 {[%clk 1:30:46]} 2. Nf3 {[%clk 1:31:22]} Nc6
{[%clk 1:31:13]} 3. d4 {[%clk 1:31:48]} exd4 {[%clk 1:31:38]} 4. Bc4
{[%clk 1:32:13]} Nf6 {[%clk 1:32:02]} 5. Ng5 {[%clk 1:32:39]} d5 {[%clk 1:32:05]}
6. exd5 {[%clk 1:33:00]} Qe7+ {[%clk 1:32:11]} 7. Kf1 {[%clk 1:33:25]} Ne5
{[%clk 1:32:16]} 8. Qxd4 {[%clk 1:33:50]} Nxc4 {[%clk 1:30:59]} 9. Qxc4
{[%clk 1:34:07]} Qc5 {[%clk 1:30:00]} 10. Qxc5 {[%clk 1:34:33]} Bxc5
{[%clk 1:30:26]} 11. Nc3 {[%clk 1:34:58]} Bf5 {[%clk 1:28:31]} 12. Bf4
{[%clk 1:35:15]} O-O {[%clk 1:19:28]} 13. Bxc7 {[%clk 1:33:44]} h6
{[%clk 1:13:20]} 14. Nf3 {[%clk 1:33:35]} Bxc2 {[%clk 1:13:33]} 15. Be5
{[%clk 1:30:33]} Bd3+ {[%clk 1:00:24]} 16. Kg1 {[%clk 1:30:12]} Ne4
{[%clk 0:58:56]} 17. Nxe4 {[%clk 1:15:09]} Bxe4 {[%clk 0:58:26]} 18. d6
{[%clk 1:13:49]} Bxf3 {[%clk 0:52:43]} 19. gxf3 {[%clk 1:14:08]} Rae8
{[%clk 0:46:08]} 20. Bg3 {[%clk 1:14:10]} f5 {[%clk 0:45:39]} 21. Rc1
{[%clk 1:10:26]} b6 {[%clk 0:45:19]} 22. Rc4 {[%clk 1:08:19]} Rd8
{[%clk 0:34:20]} 23. Kg2 {[%clk 1:07:47]} Bxd6 {[%clk 0:32:59]} 24. Rd1
{[%clk 1:06:54]} Bxg3 {[%clk 0:29:24]} 25. Rxd8 {[%clk 1:07:17]} Rxd8
{[%clk 0:29:49]} 26. hxg3 {[%clk 1:07:39]} Rd2 {[%clk 0:29:58]} 27. Ra4
{[%clk 1:07:37]} Rxb2 {[%clk 0:29:54]} 28. Rxa7 {[%clk 1:08:02]} Kh7
{[%clk 0:28:11]} 29. a4 {[%clk 1:08:16]} Rb4 {[%clk 0:26:21]} 30. f4
{[%clk 1:07:32]} Kg6 {[%clk 0:25:31]} 31. Ra6 {[%clk 1:07:19]} Kf7
{[%clk 0:25:23]} 32. Kf3 {[%clk 1:07:10]} h5 {[%clk 0:24:16]} 33. Ke3
{[%clk 1:06:52]} Ke7 {[%clk 0:22:12]} 34. Kd3 {[%clk 1:06:13]} h4
{[%clk 0:19:32]} 35. gxh4 {[%clk 1:02:44]} Rxf4 {[%clk 0:19:31]} 36. h5
{[%clk 1:01:55]} Rxf2 {[%clk 0:14:27]} 37. Rxb6 {[%clk 1:02:08]} Rf4
{[%clk 0:14:24]} 38. a5 {[%clk 1:01:39]} Ra4 {[%clk 0:14:48]} 39. a6
{[%clk 1:01:40]} f4 {[%clk 0:13:28]} 40. Ke2 {[%clk 0:59:51]} Ra3
{[%clk 0:13:26]} 41. Kf2 {[%clk 0:59:07]} Kf7 {[%clk 0:12:48]} 42. h6
{[%clk 0:58:40]} gxh6 {[%clk 0:12:39]} 43. Rxh6 {[%clk 0:58:58]} Kg7
{[%clk 0:12:39]} 44. Rh4 {[%clk 0:59:07]} 1/2-1/2

[Event "2016 South Wales International"]
[Site "Cardiff"]
[Date "2016.07.12"]
[Round "9"]
[Board "7"]
[White "Ralphs, Nigel"]
[Black "Rudd, Jack"]
[Result "0-1"]
[WhiteElo "2000"]
[BlackElo "2213"]
[PlyCount "0"]
[EventDate "2016.07.07"]
[EventRounds "10"]
[EventCountry "WLS"]

1. e4 {[%clk 1:30:53]} e5 {[%clk 1:30:53]} 2. Nf3 {[%clk 1:31:12]} Nc6
{[%clk 1:31:17]} 3. Bc4 {[%clk 1:31:33]} Bc5 {[%clk 1:31:41]} 4. c3
{[%clk 1:31:22]} Nf6 {[%clk 1:32:05]} 5. d3 {[%clk 1:31:48]} d6 {[%clk 1:32:28]}
6. Bb3 {[%clk 1:28:41]} Qe7 {[%clk 1:32:27]} 7. h3 {[%clk 1:28:16]} Bb6
{[%clk 1:32:33]} 8. Nbd2 {[%clk 1:27:24]} a6 {[%clk 1:30:49]} 9. Nc4
{[%clk 1:21:14]} Ba7 {[%clk 1:30:58]} 10. Ne3 {[%clk 1:20:59]} Be6
{[%clk 1:30:17]} 11. Ng5 {[%clk 1:06:21]} O-O-O {[%clk 1:29:47]} 12. Nxe6
{[%clk 0:59:45]} fxe6 {[%clk 1:30:08]} 13. Ba4 {[%clk 0:43:26]} Nb8
{[%clk 1:30:17]} 14. b4 {[%clk 0:43:35]} d5 {[%clk 1:29:41]} 15. exd5
{[%clk 0:36:00]} exd5 {[%clk 1:29:45]} 16. O-O {[%clk 0:35:48]} Nbd7
{[%clk 1:28:45]} 17. Bb3 {[%clk 0:32:32]} Nf8 {[%clk 1:28:09]} 18. Qf3
{[%clk 0:28:14]} c6 {[%clk 1:27:33]} 19. a4 {[%clk 0:22:52]} Ng6 {[%clk 1:26:16]}
20. b5 {[%clk 0:20:48]} Rhf8 {[%clk 1:25:25]} 21. Qe2 {[%clk 0:18:34]} Nf4
{[%clk 1:25:27]} 22. Qd1 {[%clk 0:18:54]} Qe8 {[%clk 1:25:09]} 23. Ba3
{[%clk 0:18:31]} Qg6 {[%clk 1:24:45]} 24. Qf3 {[%clk 0:12:36]} Nxd3
{[%clk 1:24:07]} 25. Qf5+ {[%clk 0:10:38]} Qxf5 {[%clk 1:24:29]} 26. Nxf5
{[%clk 0:11:07]} Ne4 {[%clk 1:24:47]} 27. Bxf8 {[%clk 0:08:40]} Rxf8
{[%clk 1:25:08]} 28. Nxg7 {[%clk 0:08:31]} Ndxf2 {[%clk 1:24:42]} 29. Kh2
{[%clk 0:07:52]} Nd2 {[%clk 1:25:00]} 30. bxc6 {[%clk 0:04:16]} bxc6
{[%clk 1:25:23]} 31. Bc2 {[%clk 0:00:57]} Nxf1+ {[%clk 1:25:45]} 0-1

[Event "2016 South Wales International"]
[Site "Cardiff"]
[Date "2016.07.12"]
[Round "9"]
[Board "8"]
[White "Brown, Thomas"]
[Black "Webb, Laurence E"]
[Result "0-1"]
[WhiteElo "2107"]
[BlackElo "2286"]
[PlyCount "0"]
[EventDate "2016.07.07"]
[EventRounds "10"]
[EventCountry "WLS"]

1. d4 {[%clk 1:26:46]} Nf6 {[%clk 1:23:21]} 2. c4 {[%clk 1:26:38]} c5
{[%clk 1:23:28]} 3. d5 {[%clk 1:26:34]} b5 {[%clk 1:23:52]} 4. Qc2
{[%clk 1:26:59]} Bb7 {[%clk 1:22:19]} 5. e4 {[%clk 1:26:38]} bxc4
{[%clk 1:21:56]} 6. Bxc4 {[%clk 1:26:01]} e6 {[%clk 1:22:10]} 7. Nc3
{[%clk 1:24:32]} exd5 {[%clk 1:20:48]} 8. exd5 {[%clk 1:24:27]} d6
{[%clk 1:21:10]} 9. Nf3 {[%clk 1:21:43]} Be7 {[%clk 1:21:22]} 10. O-O
{[%clk 1:18:16]} O-O {[%clk 1:21:41]} 11. b3 {[%clk 1:06:40]} Nbd7
{[%clk 1:18:35]} 12. Bb2 {[%clk 1:06:59]} Nb6 {[%clk 1:18:21]} 13. Rad1
{[%clk 1:03:44]} Rb8 {[%clk 1:16:27]} 14. Rfe1 {[%clk 0:58:28]} Nxc4
{[%clk 1:11:51]} 15. bxc4 {[%clk 0:58:21]} Ba6 {[%clk 1:12:16]} 16. Nd2
{[%clk 0:52:12]} Re8 {[%clk 1:10:53]} 17. Re3 {[%clk 0:41:51]} Bf8
{[%clk 1:07:05]} 18. Nce4 {[%clk 0:31:58]} Nxe4 {[%clk 0:59:47]} 19. Nxe4
{[%clk 0:31:30]} f5 {[%clk 0:59:02]} 20. Ng3 {[%clk 0:25:30]} f4 {[%clk 0:54:39]}
21. Rxe8 {[%clk 0:24:45]} Qxe8 {[%clk 0:55:00]} 22. Nf1 {[%clk 0:20:02]} Qg6
{[%clk 0:43:58]} 23. Qxg6 {[%clk 0:13:09]} hxg6 {[%clk 0:44:17]} 24. Bc1
{[%clk 0:13:37]} Bxc4 {[%clk 0:37:12]} 25. Bxf4 {[%clk 0:13:44]} Bxa2
{[%clk 0:37:29]} 26. f3 {[%clk 0:08:41]} a5 {[%clk 0:33:52]} 27. Ra1
{[%clk 0:05:47]} Bxd5 {[%clk 0:31:26]} 28. Rxa5 {[%clk 0:05:29]} Ra8
{[%clk 0:30:24]} 29. Bd2 {[%clk 0:03:07]} Kf7 {[%clk 0:28:38]} 30. Rb5
{[%clk 0:02:26]} Ra1 {[%clk 0:28:35]} 31. Kf2 {[%clk 0:02:38]} Rxf1+
{[%clk 0:28:47]} 0-1

[Event "2016 South Wales International"]
[Site "Cardiff"]
[Date "2016.07.12"]
[Round "9"]
[Board "9"]
[White "Jones, Steven A"]
[Black "Whitehead, Mark A"]
[Result "1-0"]
[WhiteElo "2186"]
[BlackElo "1969"]
[PlyCount "0"]
[EventDate "2016.07.07"]
[EventRounds "10"]
[EventCountry "WLS"]

1. e4 {[%clk 1:30:57]} c5 {[%clk 1:26:30]} 2. Nf3 {[%clk 1:31:06]} e6
{[%clk 1:26:49]} 3. d4 {[%clk 1:31:28]} cxd4 {[%clk 1:27:10]} 4. Nxd4
{[%clk 1:31:53]} a6 {[%clk 1:26:51]} 5. Nc3 {[%clk 1:31:57]} b5 {[%clk 1:24:35]}
6. Bd3 {[%clk 1:31:43]} Bb7 {[%clk 1:23:21]} 7. O-O {[%clk 1:30:12]} Ne7
{[%clk 1:21:06]} 8. Qe2 {[%clk 1:26:46]} b4 {[%clk 1:12:18]} 9. Nb1
{[%clk 1:23:43]} d6 {[%clk 1:11:27]} 10. c3 {[%clk 1:19:33]} Nec6
{[%clk 1:05:50]} 11. Bd2 {[%clk 1:17:37]} bxc3 {[%clk 0:48:19]} 12. Nxc6
{[%clk 1:17:06]} Nxc6 {[%clk 0:48:25]} 13. Bxc3 {[%clk 1:17:25]} e5
{[%clk 0:47:18]} 14. Na3 {[%clk 1:11:50]} Be7 {[%clk 0:47:10]} 15. Nc4
{[%clk 1:12:08]} O-O {[%clk 0:47:08]} 16. a4 {[%clk 1:11:46]} a5 {[%clk 0:38:57]}
17. Rfd1 {[%clk 1:11:14]} Nd4 {[%clk 0:34:08]} 18. Qe1 {[%clk 1:10:36]} Nc6
{[%clk 0:29:45]} 19. Ne3 {[%clk 1:06:12]} Nd4 {[%clk 0:29:05]} 20. Nc4
{[%clk 1:02:35]} Nc6 {[%clk 0:29:26]} 21. Bf1 {[%clk 1:02:49]} Qc7
{[%clk 0:25:24]} 22. Ne3 {[%clk 1:02:12]} Nb4 {[%clk 0:24:09]} 23. Bxb4
{[%clk 0:58:52]} axb4 {[%clk 0:24:30]} 24. Qxb4 {[%clk 0:58:46]} d5
{[%clk 0:24:33]} 25. Qb5 {[%clk 0:54:57]} Ra5 {[%clk 0:20:44]} 26. Rac1
{[%clk 0:52:52]} Qxc1 {[%clk 0:20:06]} 27. Rxc1 {[%clk 0:51:48]} Rxb5
{[%clk 0:20:29]} 28. Bxb5 {[%clk 0:52:12]} d4 {[%clk 0:20:33]} 29. Nd5
{[%clk 0:52:16]} Bd6 {[%clk 0:20:20]} 30. a5 {[%clk 0:50:27]} f5 {[%clk 0:16:20]}
31. a6 {[%clk 0:48:10]} Ba8 {[%clk 0:15:14]} 32. f3 {[%clk 0:48:22]} fxe4
{[%clk 0:12:10]} 33. fxe4 {[%clk 0:48:36]} Bb8 {[%clk 0:08:09]} 34. Bd3
{[%clk 0:36:46]} 1-0

[Event "2016 South Wales International"]
[Site "Cardiff"]
[Date "2016.07.12"]
[Round "9"]
[Board "10"]
[White "Byron, Alan M"]
[Black "Rodriguez, Juan Talavera"]
[Result "1-0"]
[WhiteElo "2136"]
[BlackElo "2020"]
[PlyCount "0"]
[EventDate "2016.07.07"]
[EventRounds "10"]
[EventCountry "WLS"]

1. e4 {[%clk 1:29:30]} e5 {[%clk 1:30:58]} 2. Nf3 {[%clk 1:29:51]} Nc6
{[%clk 1:31:27]} 3. Bb5 {[%clk 1:30:12]} a6 {[%clk 1:31:50]} 4. Ba4
{[%clk 1:30:35]} Nf6 {[%clk 1:32:15]} 5. d4 {[%clk 1:30:00]} Nxe4
{[%clk 1:30:06]} 6. Qe2 {[%clk 1:29:01]} d5 {[%clk 1:29:48]} 7. dxe5
{[%clk 1:25:11]} Be7 {[%clk 1:29:41]} 8. Nbd2 {[%clk 1:15:52]} Nc5
{[%clk 1:29:22]} 9. Bxc6+ {[%clk 1:12:14]} bxc6 {[%clk 1:29:49]} 10. O-O
{[%clk 1:11:27]} O-O {[%clk 1:30:00]} 11. Nd4 {[%clk 1:10:57]} Qe8
{[%clk 1:24:31]} 12. Re1 {[%clk 1:00:11]} Ne6 {[%clk 1:19:16]} 13. Nf5
{[%clk 0:56:01]} Bc5 {[%clk 1:15:15]} 14. Nb3 {[%clk 0:54:03]} Bb6
{[%clk 1:13:02]} 15. Be3 {[%clk 0:42:57]} Bxe3 {[%clk 1:13:07]} 16. Qxe3
{[%clk 0:43:17]} f6 {[%clk 1:10:30]} 17. Qg3 {[%clk 0:38:41]} Kh8
{[%clk 1:04:12]} 18. exf6 {[%clk 0:37:58]} g6 {[%clk 1:04:18]} 19. Nh6
{[%clk 0:21:06]} Rxf6 {[%clk 1:02:43]} 20. Qe5 {[%clk 0:21:11]} Qf8
{[%clk 1:01:37]} 21. Ng4 {[%clk 0:21:16]} Kg7 {[%clk 1:01:43]} 22. Re3
{[%clk 0:17:37]} h5 {[%clk 1:01:23]} 23. Nxf6 {[%clk 0:17:58]} Qxf6
{[%clk 1:01:51]} 24. Qxf6+ {[%clk 0:13:20]} Kxf6 {[%clk 1:02:19]} 25. Rc3
{[%clk 0:13:29]} Bd7 {[%clk 1:01:04]} 26. Nc5 {[%clk 0:10:43]} Nxc5
{[%clk 1:01:23]} 27. Rxc5 {[%clk 0:11:11]} Rb8 {[%clk 1:01:43]} 28. b3
{[%clk 0:11:25]} Ke5 {[%clk 1:00:28]} 29. Rd1 {[%clk 0:11:37]} Kd6
{[%clk 0:59:49]} 30. Ra5 {[%clk 0:07:02]} Rb6 {[%clk 0:58:13]} 31. c4
{[%clk 0:06:41]} Ke7 {[%clk 0:55:23]} 32. cxd5 {[%clk 0:06:19]} cxd5
{[%clk 0:55:35]} 33. Raxd5 {[%clk 0:06:36]} Rd6 {[%clk 0:54:03]} 34. Rxd6
{[%clk 0:04:45]} cxd6 {[%clk 0:54:31]} 35. f3 {[%clk 0:05:02]} Be6
{[%clk 0:54:33]} 36. Kf2 {[%clk 0:05:20]} d5 {[%clk 0:54:54]} 37. Ke3
{[%clk 0:05:43]} Kd6 {[%clk 0:55:12]} 38. Kd4 {[%clk 0:05:59]} Bf5
{[%clk 0:55:21]} 39. Rc1 {[%clk 0:06:07]} Bd7 {[%clk 0:54:52]} 40. Rc5
{[%clk 0:06:28]} Bc6 {[%clk 0:55:10]} 41. Ra5 {[%clk 0:06:05]} Bb7
{[%clk 0:55:29]} 42. h4 {[%clk 0:06:21]} Ke6 {[%clk 0:55:25]} 43. g3
{[%clk 0:06:02]} Kd6 {[%clk 0:55:44]} 44. a4 {[%clk 0:05:50]} Ke6
{[%clk 0:55:59]} 45. b4 {[%clk 0:04:56]} Kd6 {[%clk 0:56:25]} 46. Rc5
{[%clk 0:04:39]} Bc6 {[%clk 0:56:35]} 47. Rxc6+ {[%clk 0:01:45]} Kxc6
{[%clk 0:56:53]} 48. b5+ {[%clk 0:02:09]} 1-0